000 01419cam a2200325 a 4500
001 17615417
005 20201128021239.0
008 130206t2014 caua frbd 001 0 eng d
020 _a9781446256299
020 _a9781446256305
040 _aAU@
_beng
_cAU@
_dOUN
_dUKMGB
_dOCLCO
_dYDXCP
_dCDX
_dIXA
_dMUM
_dOCLCO
_dOCLCF
_dDLC
_dEG-ScBUE
082 0 4 _a070.43
_bMCK
_222
100 1 _aMcKane, Anna.
_937945
245 1 0 _aNews writing /
_cAnna McKane.
250 _a2nd ed.
260 _aLos Angeles ;
_aLondon :
_bSAGE Publications Ltd,
_cc.2014.
300 _aviii, 182 p. :
_bill. ;
_c24 cm.
500 _aPrevious edition : 2006.
500 _aIndex : p. 181-182.
500 _aGlossary : p. 171-177.
504 _aIncludes bibliographical references : p. 178-180.
520 _aThe ability to hone and craft an eye catching news story is fundamental to good journalism. It is an essential skill that all journalists must carry with them. The growth of online journalism and of social media has meant that the skills required in news writing are evolving, opening up fresh challenges and exciting new possibilities.
650 7 _aJournalism
_xAuthorship.
_2BUEsh
_937384
650 7 _aReporters and reporting.
_2BUEsh
_937383
650 7 _aMass media
_xAuthorship.
_2BUEsh
_937385
650 7 _aReport writing.
_2BUEsh
_91126
653 _bCOMAME
_cMay2015
655 _vreading book
_934232
942 _2ddc
_k070.43 MCK
999 _c19285
_d19257